The dope priest /

সংরক্ষণ করুন:
গ্রন্থ-পঞ্জীর বিবরন
প্রধান লেখক: Blincoe, Nicholas (লেখক)
বিন্যাস: গ্রন্থ
ভাষা:ইংরেজি
প্রকাশিত: London : Sceptre, 1999
ট্যাগগুলো: ট্যাগ যুক্ত করুন
কোনো ট্যাগ নেই, প্রথমজন হিসাবে ট্যাগ করুন!

MARC

LEADER 00000nam a22000007i 4500
001 IT\ICCU\UBO\3638541
003 ItRI
005 20260115231816.0
008 090522s1999 xxk|||||| ||||| |||||c
020 |a 0340750456 
040 |b ita  |c importazione bologna sebina 
041 7 |a eng  |2 ISO-639-2 
100 1 |a Blincoe, Nicholas  |0 IT\ICCU\RAVV\242169  |4 aut 
245 1 4 |a The dope priest /  |c Nicholas Blincoe. 
260 |a London :  |b Sceptre,  |c 1999 
300 |a 293 p. ;  |c 20 cm. 
942 |2 ddc  |c BK  |n 0 
952 |0 0  |1 0  |4 0  |6 DOC_823_914000000000000_BLI  |7 0  |9 13146  |a BO  |b BO  |d 2026-01-15  |i 12790  |l 0  |o DOC 823.914 BLI  |p BO12790  |r 2026-01-15 23:18:16  |w 2026-01-15  |x [Sebina 5] [1 v.]  |y BK  |z 1 v. 
999 |c 11273  |d 11273